| 000 | 00995nam0a2200253 4500 | ||
|---|---|---|---|
| 001 | RU\NLR\BIBL_A\011180478 | ||
| 005 | 20250625213552.0 | ||
| 035 | _a(NLR Aleph) 011180478 | ||
| 090 |
_a11816489 _c11816489 |
||
| 100 | _a20160722d1960 |||y0rusy50 ca | ||
| 101 | 0 | _ainh | |
| 102 | _aRU | ||
| 105 | _ay z 000 y | ||
| 200 | 1 |
_a1-ча классе кулга къахьегама урокаш методически дашхар _fС. Гойсултанов |
|
| 210 |
_aГрозный _cБ. и. _d1960 |
||
| 215 |
_a47, [1] с. _d20 |
||
| 541 | 1 |
_aМетодические разработки первых уроков по ручному труду в 1 классе _zrus |
|
| 606 | 1 |
_aРучной труд _xПреподавание _xНачальная школа _92185479 _3RU\NLR\AUTH\661313991 |
|
| 686 | 1 | _aЧ426.83 | |
| 700 | 1 |
_aГойсултанов _bС. _gСайпи _4070 |
|
| 852 |
_aNLR _bОНЛ _jИнгуш./2-278 |
||
| 942 | _cBOOK | ||
| 980 | _aNB | ||